| 000 | 00906nam a22003017a 4500 | ||
|---|---|---|---|
| 003 | CHAP | ||
| 005 | 20220329140829.0 | ||
| 008 | 971013s1980 r 00010 d | ||
| 010 | _a58278 | ||
| 011 | _a59250 | ||
| 035 | _a63408 | ||
| 040 | _cCHAP | ||
| 090 | _aFolleto 7554 | ||
| 110 |
_aProductora Nacional de Semillas. México _991893 |
||
| 245 |
_aArroz _b: Trópico seco, Sinaloa A-80, Huastecas A-80 |
||
| 260 |
_aMéxico : _bPRONASE, _c1980 |
||
| 300 | _a(s.p.) | ||
| 490 |
_aFGC _v; 3-80 |
||
| 590 |
_aBATCH-UPD _b10 _c20130109 _lUCH01 _h2329 |
||
| 590 |
_aBATCH-UPD _b10 _c20130110 _lUCH01 _h0758 |
||
| 590 |
_aCONVERSION _b10 _c20130109 _lUCH01 _h1331 |
||
| 650 | 1 | 4 |
_aArroz _xVariedades. _97668 |
| 830 | 0 |
_aFGC _v; 3-80 _940686 |
|
| 901 | _aBK | ||
| 942 | _cFOLL | ||
| 949 |
_aFolleto 7554 _bBC _cFOLL _d-136122 _eTS1 _i63408 _mD _si |
||
| 949 |
_aFolleto 7554 _bBC _cFOLL _d-136123 _eTS2 _fc.2 _i63408 _si |
||
| 999 |
_c58278 _d58278 |
||